| 000 | 01425nam a22002777a 4500 | ||
|---|---|---|---|
| 001 | EPSA 0266 | ||
| 003 | gtcocun | ||
| 005 | 20250919180211.0 | ||
| 006 | a||||gr|||| 00| 0 | ||
| 007 | ta | ||
| 008 | 250919b2024 gt ||||| m||| 00| 0 eng d | ||
| 040 |
_agtcocun _bSPA _cgtcocun _eRDA |
||
| 041 | _aSPA EPSA 0266 | ||
| 084 | _0EPSA 0266 | ||
| 100 |
_aTiul Hub, Evelyn Guadalupe _eAutor |
||
| 245 |
_aINFORME FINAL DEL EJERCICIO PROFESIONAL SUPERVISADO, REALIZADO EN HOTEL Y RESTAURANTE BELLA VERAPAZ, UBICADO EN EL MUNICIPIO DE SANTA CRUZ VERAPAZ, ALTA VERAPAZ/ _cEvelyn Guadalupe Tiul Hub. _hImpreso |
||
| 264 |
_aCobán, Alta Verapaz: _bUniversidad de San Carlos de Guatemala, Centro Universitario del Norte, Licenciatura en Administración de Empresas _c2024 |
||
| 300 |
_a68 p.: _bIlustraciones, gráficas. _c28 cm; |
||
| 502 | _eEPSA 0266 | ||
| 502 |
_aEjercicio Profesional Supervisado _bLicenciatura en Administración de Empresas, _cUniversidad de San Carlos de Guatemala, Centro Universitario del Norte, Licenciatura en Administración de Empresas _d2024 _oEPSA 0266 |
||
| 650 |
_2LEMB _aSanta Cruz Verapaz, Alta Verapaz _xAdministración _xPracticas _xSolución _xDiagnóstico _xPlan _xEjecución |
||
| 700 |
_aLcda. Jessica Marbella Yalibat López _eAsesor |
||
| 856 |
_uSin archivo en línea. _zSin archivo en línea. |
||
| 942 |
_2ddc _cTES _iEPSA 0266 _kClasificación _n0 _6EPSA_0266_000000000000000 |
||
| 999 |
_c2005 _d2005 |
||